[Event "Moscow op-A 18th"]
[Site "Moscow"]
[Date "2022.07.17"]
[Round "5"]
[White "Shuvalova, Polina"]
[Black "Doncev, Alexandr"]
[Result "1/2-1/2"]
[WhiteElo "2498"]
[BlackElo "2276"]
[PlyCount "59"]
[EventDate "2022.07.14"]
[EventType "swiss"]
[EventRounds "9"]
[EventCountry "RUS"]
[SourceTitle "CBM 209 Extra"]
[Source "ChessBase"]
[SourceDate "2022.09.30"]
[SourceVersion "1"]
[SourceVersionDate "2022.09.30"]
[SourceQuality "1"]

1. e4 e6 2. d4 d5 3. Nc3 Nf6 4. Bg5 Be7 5. e5 Nfd7 6. h4 Bxg5 7. hxg5 Qxg5 8. Nh3 Qe7 9. Qg4 g6 10. Bd3 Nc6 11. 0-0-0 Nb6 12. Ng5 Bd7 13. Nxh7 0-0-0 14. a3 a6 15. Qf4 Rdg8 16. Nf6 Rf8 17. Ne2 Kb8 18. Kb1 Nd8 19. Rh6 Bb5 20. Nc1 Nd7 21. Nh7 Rfg8 22. Rdh1 Re8 23. Nf6 Rxh6 24. Rxh6 Nxf6 25. exf6 Qd6 26. Qxd6 cxd6 27. Bxb5 axb5 28. Nd3 e5 29. g4 Kc8 30. Nb4 1/2-1/2

[Event "Odintsovo"]
[Site "Odintsovo"]
[Date "2017.05.25"]
[Round "8"]
[White "Doncev, Alexandr"]
[Black "Mamatov, Melis"]
[Result "0-1"]
[WhiteElo "2231"]
[BlackElo "2208"]
[PlyCount "84"]
[EventDate "2017.05.15"]
[EventType "tourn"]
[EventRounds "9"]
[EventCountry "RUS"]
[SourceTitle "CBM 178 Extra"]
[Source "ChessBase"]
[SourceDate "2017.06.22"]
[SourceVersion "1"]
[SourceVersionDate "2017.06.22"]
[SourceQuality "1"]

1. d4 f5 2. Nf3 Nf6 3. g3 g6 4. Bg2 Bg7 5. 0-0 0-0 6. b3 d6 7. Bb2 c6 8. c4 h6 9. Qc2 Be6 10. Nbd2 d5 11. Ne5 g5 12. f3 Nbd7 13. Ng6 Rf7 14. e4 fxe4 15. fxe4 Ng4 16. exd5 cxd5 17. cxd5 Bf5 18. Rxf5 Ne3 19. Qd3 Nxf5 20. Bh3 Nc5 21. dxc5 Bxb2 22. Bxf5 Bxa1 23. Be6 Qe8 24. Nc4 Kg7 25. Bxf7 Qxf7 26. Nge5 Qf6 27. Nd7 Bd4+ 28. Ne3 Bxe3+ 29. Qxe3 Qf7 30. Qe5+ Kg8 31. c6 bxc6 32. dxc6 Rc8 33. Qe4 e6 34. b4 Qf5 35. Qc4 Kf7 36. a4 Qb1+ 37. Kg2 Qb2+ 38. Kh3 h5 39. g4 hxg4+ 40. Kg3 Rh8 41. Qf1+ Ke7 42. Qg1 Qc3+ 0-1

[Event "Odintsovo"]
[Site "Odintsovo"]
[Date "2017.05.22"]
[Round "6"]
[White "Doncev, Alexandr"]
[Black "Babarykin, Stanislav"]
[Result "1/2-1/2"]
[WhiteElo "2231"]
[BlackElo "2354"]
[PlyCount "75"]
[EventDate "2017.05.15"]
[EventType "tourn"]
[EventRounds "9"]
[EventCountry "RUS"]
[SourceTitle "CBM 178 Extra"]
[Source "ChessBase"]
[SourceDate "2017.06.22"]
[SourceVersion "1"]
[SourceVersionDate "2017.06.22"]
[SourceQuality "1"]

1. d4 f5 2. Nf3 Nf6 3. g3 g6 4. Bg2 Bg7 5. 0-0 0-0 6. b3 d6 7. Bb2 Qe8 8. d5 e5 9. dxe6 Nc6 10. c4 Bxe6 11. Nc3 h6 12. Nd4 Nxd4 13. Qxd4 Qf7 14. Nd5 Bxd5 15. Bxd5 Nxd5 16. Qxg7+ Qxg7 17. Bxg7 Kxg7 18. cxd5 Rae8 19. e3 g5 20. Rac1 Rf7 21. Rc4 Kf6 22. Rfc1 Ree7 23. Kg2 a5 24. h4 Ke5 25. hxg5 hxg5 26. Rd1 Rh7 27. g4 b5 28. Rcd4 Rh4 29. gxf5 Rxd4 30. Rxd4 Kxf5 31. a4 b4 32. Kf3 Rh7 33. Rc4 Ke5 34. Rg4 Rh5 35. Rc4 Rh7 36. Rg4 Rh5 37. Rc4 Rh7 38. Rg4 1/2-1/2

[Event "Odintsovo"]
[Site "Odintsovo"]
[Date "2017.05.15"]
[Round "1"]
[White "Doncev, Alexandr"]
[Black "Smirnov, Timofey"]
[Result "1/2-1/2"]
[WhiteElo "2231"]
[BlackElo "2296"]
[PlyCount "45"]
[EventDate "2017.05.15"]
[EventType "tourn"]
[EventRounds "9"]
[EventCountry "RUS"]
[SourceTitle "CBM 178 Extra"]
[Source "ChessBase"]
[SourceDate "2017.06.22"]
[SourceVersion "1"]
[SourceVersionDate "2017.06.22"]
[SourceQuality "1"]

1. d4 d5 2. c4 c6 3. cxd5 cxd5 4. Nc3 Nf6 5. Bf4 Nc6 6. Nf3 Bf5 7. Qb3 Na5 8. Qa4+ Bd7 9. Qc2 Rc8 10. e3 b5 11. a3 e6 12. Ne5 Be7 13. Bd3 0-0 14. 0-0 Nc4 15. Qe2 a6 16. Rac1 Nd6 17. Rc2 Qb6 18. Rfc1 Qb7 19. h3 Nc4 20. Nb1 Nxe5 21. Bxe5 Rxc2 22. Rxc2 Rc8 23. Rxc8+ 1/2-1/2

[Event "EU-ch U16"]
[Site "Albena"]
[Date "2011.09.18"]
[Round "7"]
[White "Srbis, Jurica"]
[Black "Doncev, Alexandr"]
[Result "1-0"]
[WhiteElo "2292"]
[BlackElo "2144"]
[PlyCount "83"]
[EventDate "2011.09.11"]
[EventType "swiss"]
[EventRounds "9"]
[EventCountry "BUL"]
[SourceTitle "CBM 144 Extra"]
[Source "ChessBase"]
[SourceDate "2011.10.28"]
[SourceVersion "1"]
[SourceVersionDate "2011.10.28"]
[SourceQuality "1"]

1. e4 Nc6 2. Nf3 d6 3. d4 Nf6 4. d5 Nb8 5. Bd3 g6 6. 0-0 Bg7 7. h3 0-0 8. c4 Na6 9. Nc3 Nc5 10. Be3 Nxd3 11. Qxd3 e5 12. dxe6 Bxe6 13. Nd4 Re8 14. Rad1 Nd7 15. b3 Ne5 16. Qc2 Nc6 17. Nd5 a5 18. a3 Qd7 19. f3 Rac8 20. Rfe1 Bxd5 21. cxd5 Nb8 22. Qd2 a4 23. b4 c5 24. dxc6 bxc6 25. Nc2 d5 26. Qf2 Qb7 27. Bd4 Nd7 28. Bxg7 Kxg7 29. Qd4+ Nf6 30. Ne3 Qe7 31. exd5 cxd5 32. Nf5+ gxf5 33. Rxe7 Rxe7 34. b5 Rc2 35. Rd2 Rc1+ 36. Kf2 Ree1 37. g3 Re6 38. Rb2 Rc4 39. Qd2 Rc8 40. b6 Rb8 41. b7 Re7 42. Qg5+ 1-0

[Event "EU-ch U16"]
[Site "Albena"]
[Date "2011.09.17"]
[Round "6"]
[White "Doncev, Alexandr"]
[Black "Grib, Roman"]
[Result "1/2-1/2"]
[WhiteElo "2144"]
[BlackElo "2294"]
[PlyCount "183"]
[EventDate "2011.09.11"]
[EventType "swiss"]
[EventRounds "9"]
[EventCountry "BUL"]
[SourceTitle "CBM 144 Extra"]
[Source "ChessBase"]
[SourceDate "2011.10.28"]
[SourceVersion "1"]
[SourceVersionDate "2011.10.28"]
[SourceQuality "1"]

1. e4 e5 2. Nf3 Nc6 3. Bb5 a6 4. Ba4 Nf6 5. 0-0 Be7 6. d3 d6 7. h3 b5 8. Bb3 Na5 9. c3 Nxb3 10. axb3 Bb7 11. Nbd2 0-0 12. b4 Rc8 13. Re1 Nd7 14. Nb3 f5 15. Na5 Ba8 16. Nb3 Nb8 17. Qc2 Qd7 18. Kh2 Rce8 19. Be3 Bb7 20. exf5 Bxf3 21. gxf3 Rxf5 22. Qe2 Rh5 23. Qf1 Rf8 24. Nd2 Bg5 25. Ne4 Bf4+ 26. Bxf4 Rxf4 27. Qg2 Rh6 28. Re3 Rg6 29. Qf1 Rh4 30. b3 Rgh6 31. f4 Rxf4 32. Qg2 Rg6 33. Rg3 Qf7 34. c4 Qe8 35. Rxg6 Qxg6 36. cxb5 axb5 37. Qxg6 hxg6 38. Ra7 Nc6 39. Rxc7 Nxb4 40. Rc8+ Kf7 41. Nxd6+ Ke6 42. Nxb5 Rxf2+ 43. Kg3 Rd2 44. d4 Rd3+ 45. Kg4 exd4 46. Rc4 Nd5 47. Nxd4+ Kf7 48. Ra4 Nf6+ 49. Kh4 Re3 50. Ra7+ Kg8 51. Ra8+ Kh7 52. Nc6 Rxb3 53. Ne5 Rb4+ 54. Kg3 g5 55. Nf3 Kg6 56. Ra5 Ne4+ 57. Kg2 Kf6 58. Ra7 Rb2+ 59. Kg1 Nc5 60. Nxg5 Kxg5 61. Rxg7+ Kh4 62. Rg2 Rb3 63. Rg8 Nd3 64. Kg2 Nf4+ 65. Kf2 Kxh3 66. Rg7 Kh4 67. Rg8 Ra3 68. Rg7 Ne6 69. Rg8 Ng5 70. Ke2 Kg4 71. Rf8 Ne6 72. Rf7 Nf4+ 73. Kd2 Kf3 74. Re7 Nd5 75. Re8 Kf4 76. Re6 Rh3 77. Re8 Nf6 78. Re7 Ne4+ 79. Kc2 Ra3 80. Rh7 Ke5 81. Rd7 Nf6 82. Rd3 Ra4 83. Rd8 Nd5 84. Rh8 Ra3 85. Rh4 Kd6 86. Kd2 Ke5 87. Kc2 Nf6 88. Rb4 Ne4 89. Rb8 Kd4 90. Rd8+ Kc4 91. Rc8+ Nc5 92. Kd2 1/2-1/2